000 00955cam a2200313 a 4500
001 14847174
005 20180109071549.0
008 070511s2007 maua b 000 0 eng d
010 _a 2007928775
020 _a9781892989215 (hbk.)
020 _a1892989212 (hbk.)
020 _a9781892989192 (pbk.)
020 _a1892989190 (pbk.)
035 _a(OCoLC)ocn166378558
040 _aBTCTA
_cBTCTA
_dBAKER
_dYDXCP
_dTJC
_dOCLCQ
_dBWX
_dIQU
_dSHH
_dAU@
_dDLC
041 _aeng
042 _alccopycat
043 _an-us---
080 _a305.231
082 0 4 _a305.231
_222
100 1 _a46
101 _aEDU
245 1 0 _aYardsticks :
_cChip Wood ; foreword by William Crain.
504 _aIncludes bibliographical references (p. 185-194).
906 _a7
_bcbc
_ccopycat
_d2
_eepcn
_f20
_gy-gencatlg
942 _2ddc
_cBK
999 _c39900
_d39900